Assessment of Global Business Literacy of Slovak Students

Slovensko sa považuje za jednu z najotvorenejších európskych ekonomík s pridanou hodnotou, vytvorenou pod zahraničnou kontrolou spoločností, presahujúcou 40 %. Od budúcich absolventov, ktorí túžia pracovať v týchto spoločnostiach, alebo v oblasti medzinárodného obchodu sa očakáva, že budú globálne g...

Ausführliche Beschreibung

Gespeichert in:
Bibliographische Detailangaben
1. Verfasser: Bobenič Hintošová, Aneta, 1979-
Weitere Verfasser: Coroničová Hurajová, Jana, 1986-
Format: Buchkapitel
Sprache:Englisch
Schlagworte:
Tags: Tag hinzufügen
Keine Tags, Fügen Sie das erste Tag hinzu!

MARC

LEADER 00000naa$a2200000$$$4500
001 0297050
005 20240502083958.6
041 0 |a eng 
044 |a PL 
245 1 0 |a Assessment of Global Business Literacy of Slovak Students  |c Aneta Bobenič Hintošová, Jana Coroničová Hurajová 
520 |a Slovensko sa považuje za jednu z najotvorenejších európskych ekonomík s pridanou hodnotou, vytvorenou pod zahraničnou kontrolou spoločností, presahujúcou 40 %. Od budúcich absolventov, ktorí túžia pracovať v týchto spoločnostiach, alebo v oblasti medzinárodného obchodu sa očakáva, že budú globálne gramotní a preto je nesmierne dôležité pripraviť ich na budúcu globálnu obchodnú kariéru. Koncept globálnej obchodnej gramotnosti a jeho zhodnotenie na vzorke slovenských študentov, by mal viesť k úprave ich pripravenosti pôsobiť v oblasti medzinárodného obchodu. 
610 2 0 |a gramotnosť 
610 2 0 |a gramotnosť finančná 
610 2 0 |a obchod medzinárodný 
610 2 0 |a Slovensko 
610 2 0 |a hodnotenie výskumu 
610 2 0 |a študenti 
100 1 |a Bobenič Hintošová, Aneta, 1979- 
700 1 |a Coroničová Hurajová, Jana, 1986-